Представление документа в формате RUSMARC

ПолеНазваниеЗначение
  Тип записи a
  Библиографический уровень m
001 Контрольный номер 86932d113a654340b6ec354c508a6aaf
005 Дата корректировки 20151020092113.4
010 Индекс ISBN __
a ISBN 978-5-906027-15-3
d Цена б/ц
101 Язык документа 0_
a Язык текста rus
102 Страна публикации __
a Страна публикации RU
200 Заглавие и сведения об ответственности 1_
a Заглавие Условия и факторы импортозамещения в региональном кластере экономики
b Общее обозначение материала Текст
e Сведения, относящиеся к заглавию Материалы международной заочной научно-практической конференции 25 мая 2015 года
f Первые сведения об ответственности Ижевский филиал РУК; Под ред. К.В.Павлова, Г.Н.Васильевой, О.В.Котлячкова
210 Выходные данные 1_
a Место издания Ижевск
c Издательство Шелест
d Дата издания 2015
215 Физическое описание __
a Объем 127 с.
610 Ключевые слова 0_
a Ключевые слова тенденции
a Ключевые слова грузоперевозки
a Ключевые слова малый бизнес
a Ключевые слова регион
a Ключевые слова стратегия
a Ключевые слова развитие
a Ключевые слова модернизация
a Ключевые слова кооперация
a Ключевые слова интеграция
a Ключевые слова импортозамещение
a Ключевые слова кластер
a Ключевые слова конференции
a Ключевые слова сборник
686 Индексы других классификаций __
a Классификационный индекс 65.049(2Рос)
801 Источник записи _0
a Страна RU
b Организация РУК
g Правила каталогизации PSBO
801 Источник записи _1
a Страна RU
b Организация РУК
g Правила каталогизации PSBO
852 Данные о местонахождении __
i Авторский знак У 753
j Шифр хранения 65.049(2 Рос)
901 Тип документа __
t Тип документа m
937 Технологическая информация __
a Создатель записи (имя) ОрловаЛА
938 Служебная информация __
a Название организации Ижевский филиал
952 Тип литературы __
c Вид литературы сб. науч. тр.